00269nam a2200121Ia 4500008004100000100001600041245002100057260002300078300001000101650001100111942000800122999001700130190216s9999||||xx |||||||||||||| ||und|| aCharaya M U 0aObjective Botany bAs Prakashanc1998 a2001p aBotany cREF c36270d36270